Catálogo
 En Linea

La interrupción del embarazo : (Registro nro. 37932)

Detalles MARC
000 -CABECERA
campo de control de longitud fija 01410nam a2200265 a 4500
001 - NÚMERO DE CONTROL
campo de control 000038442
005 - FECHA Y HORA DE LA ÚLTIMA TRANSACCIÓN
campo de control 20240318114638.0
008 - DATOS DE LONGITUD FIJA--INFORMACIÓN GENERAL
campo de control de longitud fija 130411s2012 dr 000 0 spa d
020 ## - NÚMERO INTERNACIONAL ESTÁNDAR DEL LIBRO
Número Internacional Estándar del Libro 9789945165081
040 ## - FUENTE DE LA CATALOGACIÓN
Centro catalogador/agencia de origen DO-SdBNP
Lengua de catalogación spa
Centro/agencia transcriptor BNPHU
082 ## - NÚMERO DE LA CLASIFICACIÓN DECIMAL DEWEY
Número de clasificación 344.048
Número de documento/Ítem R696i
100 1# - ENTRADA PRINCIPAL--NOMBRE DE PERSONA
Nombre de persona Rodríguez Gómez, Cristobal
9 (RLIN) 64785
245 13 - MENCIÓN DE TÍTULO
Título La interrupción del embarazo :
Resto del título análisis constitucional para el debate /
Mención de responsabilidad, etc. Cristobal Rodríguez Gómez.
260 ## - PUBLICACIÓN, DISTRIBUCIÓN, ETC.
Lugar de publicación, distribución, etc. Santo Domingo :
Nombre del editor, distribuidor, etc. Profamilia,
Fecha de publicación, distribución, etc. 2012.
300 ## - DESCRIPCIÓN FÍSICA
Extensión 93 p. ;
Dimensiones 22 cm.
500 ## - NOTA GENERAL
Nota general Incluye referencias bibliográficas y notas al pie de las páginas
504 ## - NOTA DE BIBLIOGRAFÍA, ETC.
Nota de bibliografía, etc. Bibliografía: p. 85-93
505 ## - NOTA DE CONTENIDO CON FORMATO
Nota de contenido con formato Los derechos sexuales y derechos reproductivos y el marco general de la igualdad 15 -- La dimensión constitucional del debate sobre el aborto 23 -- Descripción y análisis de la legislación y la jurisprudencia comparadas en materia de suspensión del embarazo 43 -- Constitución y derecho internacional 61 -- Estado y religión: el artículo 37 y posición actual de la Iglesia Católica sobre el aborto 71 -- Conclusiones y recomendaciones 81
590 ## - NOTA LOCAL (RLIN)
Nota local Inventariado, 2018/VM
650 #4 - PUNTO DE ACCESO ADICIONAL DE MATERIA--TÉRMINO DE MATERIA
Término de materia o nombre geográfico como elemento de entrada Aborto
Subdivisión geográfica República Dominicana
9 (RLIN) 54585
650 #4 - PUNTO DE ACCESO ADICIONAL DE MATERIA--TÉRMINO DE MATERIA
Término de materia o nombre geográfico como elemento de entrada Aborto
Subdivisión general Legislación
9 (RLIN) 10847
650 #4 - PUNTO DE ACCESO ADICIONAL DE MATERIA--TÉRMINO DE MATERIA
Término de materia o nombre geográfico como elemento de entrada Aborto
Subdivisión general Aspectos religiosos
9 (RLIN) 64786
710 2# - PUNTO DE ACCESO ADICIONAL--NOMBRE DE ENTIDAD CORPORATIVA
Nombre de entidad corporativa o nombre de jurisdicción como elemento de entrada Asociación Dominicana Pro Bienestar de la Familia
9 (RLIN) 56602
910 ## - DATOS DE OPCIÓN DEL USUARIO (OCLC)
Datos de opción del usuario Validado. Control de validad MFF
Existencias
Estado de retiro Estado de pérdida Restricciones de uso No para préstamo Código de colección Localización permanente Ubicación/localización actual Ubicación en estantería Fecha de adquisición Número de inventario Total de préstamos Signatura topográfica completa Código de barras Fecha visto por última vez Número de copia Precio válido a partir de Tipo de ítem Koha
    Préstamo interno   Dominicana de Servicio General General Depósito 11.04.2013 LF1   344.048 R696i 38442-30 25.06.2020 e. 3 25.06.2020 Libro y Folleto Colección Dominicana de Servicio
      Excluido de préstamo Patrimonio Dominicano Patrimonio Dominicano Patrimonio Dominicano Depósito 11.04.2013 LF1   344.048 R696i 38442-10 25.06.2020   25.06.2020 Libro y Folleto Colección Patrimonio Dominicano
      Excluido de préstamo Patrimonio Dominicano Patrimonio Dominicano Patrimonio Dominicano Depósito 11.04.2013 LF1   344.048 R696i 38442-20 25.06.2020 e. 2 25.06.2020 Libro y Folleto Colección Patrimonio Dominicano

Con tecnología Koha